00580nam a2200121 a 4500008004100000050002200041110007000063245020800133260004700341300000900388350000900397650005200406081126s1987 ||||||||||||||||| || u aGOV.ZAM(02)1987/3 aGovernment of the Republic of Zambia. Zambia Information Services10aHis excellency the president of the Republic of Zambia Dr. Kenneth D. Kaunda's press conference held at state house, Lusaka on 4th August, 1987cDr. Kenneth D. Kaunda, Pres. Republic of Zambia, 1964-1991 aLusaka:bZambia Information Servicesc1987 a42p. a0.00 aPRESIDENTS--ZAMBIA--ADDRESSES, ESSAYS, LECTURES